[Event "ESP-chT CECLUB Div2"]
[Site "Linares"]
[Date "2022.08.24"]
[Round "3.6"]
[White "Lopez Quevedo, Angel Carlos"]
[Black "Garcia Rodriguez, Victor"]
[Result "1-0"]
[WhiteElo "2096"]
[BlackElo "2129"]
[PlyCount "80"]
[EventDate "2022.08.22"]
[EventType "team-swiss"]
[EventRounds "7"]
[EventCountry "ESP"]
[SourceTitle "CBM 209 Extra"]
[Source "ChessBase"]
[SourceDate "2022.09.30"]
[SourceVersion "1"]
[SourceVersionDate "2022.09.30"]
[SourceQuality "1"]
[WhiteTeam "Tomelloso"]
[BlackTeam "Nazari Area F5"]
[WhiteTeamCountry "ESP"]
[BlackTeamCountry "ESP"]

1. d4 d5 2. c4 e6 3. Nf3 a6 4. e3 dxc4 5. a4 b6 6. Bxc4 Bb7 7. 0-0 Nf6 8. Nc3 Nbd7 9. Qe2 Bb4 10. Rd1 Qe7 11. Na2 Bd6 12. Nc3 e5 13. e4 0-0 14. d5 Nh5 15. Bg5 f6 16. Be3 f5 17. Bg5 Qe8 18. exf5 Rxf5 19. Ne4 h6 20. Be3 Qe7 21. Nfd2 Kh8 22. Nxd6 Qxd6 23. Ne4 Qg6 24. Ng3 Nxg3 25. hxg3 Nf6 26. d6 c5 27. Be6 Rh5 28. d7 Rd8 29. Qc4 Qh7 30. Bf7 b5 31. axb5 axb5 32. Qd3 Be4 33. Qxb5 Rh1+ 34. Kxh1 Qf5 35. Kg1 Ng4 36. Be8 g6 37. Qxc5 Qh5 38. Qf8+ Kh7 39. Qe7+ Kh8 40. Qh4 Ra8 1-0

[Event "ESP-chT CECLUB Div2"]
[Site "Linares"]
[Date "2017.08.08"]
[Round "1.8"]
[White "Silva Rodriguez, Julio Jose"]
[Black "Garcia Rodriguez, Victor"]
[Result "1-0"]
[WhiteElo "2330"]
[BlackElo "2129"]
[PlyCount "67"]
[EventDate "2017.08.08"]
[EventType "team"]
[EventRounds "7"]
[EventCountry "ESP"]
[SourceTitle "CBM 179 Extra"]
[Source "ChessBase"]
[SourceDate "2017.08.23"]
[SourceVersion "1"]
[SourceVersionDate "2017.08.23"]
[SourceQuality "1"]
[WhiteTeam "Manises Eva"]
[BlackTeam "Nazari CC"]
[WhiteTeamCountry "ESP"]
[BlackTeamCountry "ESP"]

1. e4 e5 2. Nf3 Nc6 3. d4 exd4 4. Nxd4 Bc5 5. Nxc6 Qf6 6. Qf3 bxc6 7. Nc3 Bb7 8. Qg3 Ne7 9. f3 0-0-0 10. Bd2 h5 11. h4 Qg6 12. Qh3 f6 13. 0-0-0 Kb8 14. Bc4 Nc8 15. Na4 Be7 16. Rhe1 Nb6 17. Bb3 c5 18. c4 Nxa4 19. Bxa4 Qf7 20. b3 Bc8 21. Qg3 g5 22. hxg5 fxg5 23. e5 h4 24. Qf2 d6 25. Bc6 dxe5 26. Rxe5 Qf6 27. Rde1 Bd6 28. Bxg5 Qg7 29. f4 Rdf8 30. Qd2 Bxe5 31. Rxe5 Rf5 32. Qa5 a6 33. Re7 Qa1+ 34. Kc2 1-0

[Event "Granada Nazari 1st op"]
[Site "Granada"]
[Date "2014.04.20"]
[Round "7.1"]
[White "Garcia Rodriguez, Victor"]
[Black "Chaikhiev Chaikhieva, Miguel A"]
[Result "1-0"]
[WhiteElo "2188"]
[BlackElo "1840"]
[PlyCount "51"]
[EventDate "2014.04.15"]
[EventType "swiss"]
[EventRounds "7"]
[EventCountry "ESP"]
[SourceTitle "EXT 2024"]
[Source "ChessBase"]
[SourceDate "2023.10.10"]
[SourceVersion "1"]
[SourceVersionDate "2023.10.10"]
[SourceQuality "1"]
[WhiteTeam "Granada Comb"]
[BlackTeam "International Comb"]
[WhiteTeamCountry "ESP"]
[BlackTeamCountry "ESP"]

1. e4 e5 2. Nf3 Nc6 3. Bb5 d6 4. 0-0 Be7 5. c3 Nf6 6. Re1 0-0 7. d3 Bg4 8. Nbd2 a6 9. Ba4 Nd7 10. h3 Bh5 11. g4 Bg6 12. Nf1 Nc5 13. Bc2 Ne6 14. Kh2 h5 15. Ng3 hxg4 16. hxg4 Nf4 17. Bxf4 exf4 18. Nf5 Bxf5 19. gxf5 Ne5 20. Rg1 Kh7 21. Nxe5 dxe5 22. Qh5+ Kg8 23. Bb3 Qd6 24. Rxg7+ Kxg7 25. Rg1+ Bg5 26. Qxg5+ 1-0

[Event "ESP-ch Universities"]
[Site "Badajoz"]
[Date "2013.04.18"]
[Round "8"]
[White "Hernandez Munoz, Antonio Ramon"]
[Black "Garcia Rodriguez, Victor"]
[Result "1/2-1/2"]
[WhiteElo "2154"]
[BlackElo "2209"]
[PlyCount "200"]
[EventDate "2013.04.17"]
[EventType "swiss"]
[EventRounds "9"]
[EventCountry "ESP"]
[SourceTitle "CBM 154 Extra"]
[Source "ChessBase"]
[SourceDate "2013.06.25"]
[SourceVersion "2"]
[SourceVersionDate "2013.06.25"]
[SourceQuality "1"]

1. Nf3 Nf6 2. g3 d5 3. Bg2 Bf5 4. 0-0 Nbd7 5. d3 e5 6. Nbd2 Bd6 7. Qe1 0-0 8. e4 Be6 9. Ng5 h6 10. Nxe6 fxe6 11. h3 c6 12. Kh1 Qe8 13. b3 Qh5 14. Bb2 Rf7 15. Qd1 Qg6 16. Qe2 Raf8 17. Bf3 Re8 18. Rg1 Nf8 19. h4 Qh7 20. Rg2 g6 21. g4 N6d7 22. Rg3 Be7 23. Rh3 Qg7 24. Bg2 Nh7 25. Rf1 Qf8 26. Nf3 Bf6 27. Bc1 Bg7 28. g5 h5 29. Rg3 Qc5 30. Be3 Qa5 31. a4 Bf8 32. Bd2 Qd8 33. Bh3 Bd6 34. Nh2 Nhf8 35. Rf3 Ree7 36. Rg1 Rxf3 37. Nxf3 Rf7 38. Ne1 Bc5 39. Rf1 Qb6 40. f4 exf4 41. Rxf4 Rxf4 42. Bxf4 Qb4 43. Bd2 Qd4 44. Nf3 Qa1+ 45. Qe1 Qg7 46. b4 Bd6 47. exd5 exd5 48. Bc3 Qf7 49. Kg2 Kh7 50. Bb2 Qf4 51. Bc3 Nb6 52. Bd2 Qf7 53. a5 Na8 54. Qe3 a6 55. Bc3 Nc7 56. Qd4 Qg8 57. Qf6 Ne8 58. Qd4 Ng7 59. Qxg7+ Qxg7 60. Bxg7 Kxg7 61. c3 c5 62. bxc5 Bxc5 63. Bc8 Ba3 64. Bxb7 Bb2 65. Bxd5 Bxc3 66. Bc4 Bxa5 67. Bxa6 Ne6 68. Ne5 Be1 69. Nf3 Bc3 70. Bc8 Nf4+ 71. Kg3 Nxd3 72. Bd7 Nc5 73. Bc8 Ne4+ 74. Kh3 Nd6 75. Be6 Kf8 76. Kg3 Ke7 77. Bd5 Nb5 78. Be4 Kf7 79. Bd5+ Kg7 80. Kf4 Nc7 81. Bc4 Ne8 82. Bd5 Nd6 83. Be6 Kf8 84. Ne5 Bd2+ 85. Kf3 Kg7 86. Bh3 Bc3 87. Nd3 Kf7 88. Bd7 Ke7 89. Bh3 Nc4 90. Bc8 Bd4 91. Ba6 Nd6 92. Kg3 Nf5+ 93. Kh3 Nd6 94. Nf4 Kf7 95. Bd3 Nf5 96. Bxf5 gxf5 97. Nxh5 Be5 98. Ng3 Kg6 99. Nf1 Bf4 100. Nh2 Bxg5 1/2-1/2

[Event "ESP-ch Universities"]
[Site "Badajoz"]
[Date "2013.04.17"]
[Round "4"]
[White "Antoli Royo, Joaquin Miguel"]
[Black "Garcia Rodriguez, Victor"]
[Result "1-0"]
[WhiteElo "2414"]
[BlackElo "2209"]
[PlyCount "51"]
[EventDate "2013.04.17"]
[EventType "swiss"]
[EventRounds "9"]
[EventCountry "ESP"]
[SourceTitle "CBM 154 Extra"]
[Source "ChessBase"]
[SourceDate "2013.06.25"]
[SourceVersion "2"]
[SourceVersionDate "2013.06.25"]
[SourceQuality "1"]

1. e4 e5 2. Nf3 Nc6 3. Nc3 Bc5 4. Nxe5 Nxe5 5. d4 Bd6 6. dxe5 Bxe5 7. Bd3 Ne7 8. 0-0 0-0 9. Qh5 d6 10. f4 Bd4+ 11. Kh1 f5 12. Bd2 Bxc3 13. Bxc3 fxe4 14. Bxe4 Bf5 15. Bxb7 Rb8 16. Bf3 Bxc2 17. Qa5 Bd3 18. Rfe1 Bb5 19. Qxa7 Rb6 20. Bd2 Nf5 21. Rac1 d5 22. Qxc7 Qf6 23. Bxd5+ Kh8 24. Bb4 Rd8 25. Be7 Nxe7 26. Qxd8+ 1-0

[Event "POR-chT"]
[Site "Torres Vedras"]
[Date "2011.07.28"]
[Round "6.1"]
[White "Garcia Rodriguez, Victor"]
[Black "Luch, Michal"]
[Result "0-1"]
[WhiteElo "2222"]
[BlackElo "2413"]
[PlyCount "56"]
[EventDate "2011.07.23"]
[EventType "team-swiss"]
[EventRounds "9"]
[EventCountry "POR"]
[SourceTitle "CBM 143 Extra"]
[Source "ChessBase"]
[SourceDate "2011.08.29"]
[SourceVersion "1"]
[SourceVersionDate "2011.08.29"]
[SourceQuality "1"]
[WhiteTeam "Faro"]
[BlackTeam "Coimbra"]
[WhiteTeamCountry "POR"]
[BlackTeamCountry "POR"]

1. e4 c5 2. Nf3 e6 3. d4 cxd4 4. Nxd4 Nc6 5. Nc3 Qc7 6. Be3 a6 7. Bd3 Nf6 8. 0-0 Nxd4 9. Bxd4 Bc5 10. Bxf6 gxf6 11. Qg4 Kf8 12. Ne2 b5 13. Ng3 Bb7 14. Rae1 h5 15. Qh4 Qe5 16. Kh1 Be7 17. f4 Qxb2 18. f5 Qe5 19. Nxh5 Bd6 20. g4 Ke7 21. Be2 Bb4 22. Bf3 Bxe1 23. Qxe1 Rac8 24. fxe6 fxe6 25. Bg2 Rxc2 26. Qb4+ d6 27. Nf4 Rg8 28. Nd3 Qc3 0-1

[Event "POR-chT"]
[Site "Torres Vedras"]
[Date "2011.07.27"]
[Round "5.3"]
[White "Andrade, Jose Manuel Vieira"]
[Black "Garcia Rodriguez, Victor"]
[Result "1-0"]
[WhiteElo "2249"]
[BlackElo "2222"]
[PlyCount "45"]
[EventDate "2011.07.23"]
[EventType "team-swiss"]
[EventRounds "9"]
[EventCountry "POR"]
[SourceTitle "CBM 143 Extra"]
[Source "ChessBase"]
[SourceDate "2011.08.29"]
[SourceVersion "1"]
[SourceVersionDate "2011.08.29"]
[SourceQuality "1"]
[WhiteTeam "Mata de Benfica"]
[BlackTeam "Faro"]
[WhiteTeamCountry "POR"]
[BlackTeamCountry "POR"]

1. e4 e5 2. Nf3 Nc6 3. Bc4 Bc5 4. c3 d6 5. d4 exd4 6. cxd4 Bb6 7. Bg5 Nge7 8. Nc3 0-0 9. h3 Kh8 10. 0-0 f6 11. Be3 Qe8 12. g4 Ng6 13. a3 Be6 14. Bxe6 Qxe6 15. d5 Qd7 16. dxc6 bxc6 17. Bxb6 axb6 18. Nd4 h5 19. f4 Nh4 20. f5 g5 21. fxg6 Rg8 22. Rf5 Nxg6 23. Rxh5+ 1-0

[Event "POR-chT"]
[Site "Torres Vedras"]
[Date "2011.07.24"]
[Round "2.2"]
[White "Lima, Darcy Gustavo Macha"]
[Black "Garcia Rodriguez, Victor"]
[Result "1-0"]
[WhiteElo "2493"]
[BlackElo "2222"]
[PlyCount "57"]
[EventDate "2011.07.23"]
[EventType "team-swiss"]
[EventRounds "9"]
[EventCountry "POR"]
[SourceTitle "CBM 143 Extra"]
[Source "ChessBase"]
[SourceDate "2011.08.29"]
[SourceVersion "1"]
[SourceVersionDate "2011.08.29"]
[SourceQuality "1"]
[WhiteTeam "Vale de Cambra"]
[BlackTeam "Faro"]
[WhiteTeamCountry "POR"]
[BlackTeamCountry "POR"]

1. d4 d5 2. c4 c6 3. Nd2 Nf6 4. Ngf3 g6 5. g3 Bg7 6. Bg2 a6 7. 0-0 0-0 8. b3 Bf5 9. Bb2 Ne4 10. Nh4 Nxd2 11. Qxd2 Be6 12. Rac1 f5 13. Nf3 h6 14. Ne5 g5 15. Rc2 Bxe5 16. Qe3 Nd7 17. dxe5 dxc4 18. bxc4 Qa5 19. Bd4 Rad8 20. f4 g4 21. Rb1 c5 22. Bc3 Qa4 23. Rd2 Rb8 24. Bd5 Bxd5 25. cxd5 b5 26. e6 Nf6 27. Bxf6 Rxf6 28. Qxc5 Qe4 29. Rb4 1-0

[Event "ESP-ch Universities"]
[Site "Alicante"]
[Date "2011.05.09"]
[Round "3"]
[White "Almagro Llamas, Pablo"]
[Black "Garcia Rodriguez, Victor"]
[Result "1-0"]
[WhiteElo "2465"]
[BlackElo "2234"]
[PlyCount "96"]
[EventDate "2011.05.09"]
[EventType "team-swiss"]
[EventRounds "9"]
[EventCountry "ESP"]
[SourceTitle "CBM 142 Extra"]
[Source "ChessBase"]
[SourceDate "2011.06.27"]
[SourceVersion "1"]
[SourceVersionDate "2011.06.27"]
[SourceQuality "1"]

1. e4 e5 2. Nf3 Nc6 3. Bb5 a6 4. Ba4 Nf6 5. 0-0 b5 6. Bb3 Be7 7. Re1 0-0 8. c3 d5 9. exd5 Nxd5 10. Nxe5 Nxe5 11. Rxe5 Nf6 12. h3 Bd6 13. Re2 Bf5 14. d4 Qd7 15. Re3 Rae8 16. Bc2 Nd5 17. Bxf5 Qxf5 18. Re1 c5 19. Be3 cxd4 20. cxd4 Bb4 21. Nd2 Nf4 22. a3 Ba5 23. b4 Bb6 24. Qf3 Bc7 25. Bxf4 Qxf4 26. Qxf4 Bxf4 27. Nb3 Rc8 28. Nc5 Rfd8 29. Rad1 Rd6 30. Re7 g6 31. g3 Bh6 32. Ne4 Rb6 33. Rd3 a5 34. bxa5 Ra6 35. Rb7 Rxa5 36. Nd6 Rca8 37. Nxb5 Bf8 38. Rf3 Rd8 39. Rfxf7 Rxb5 40. Rxf8+ Kxf8 41. Rxb5 Rxd4 42. Rb1 Ra4 43. Rb3 Kf7 44. Re3 Kf6 45. Kf1 h5 46. Ke1 h4 47. Kd2 g5 48. Kc2 Ra8 1-0

[Event "Malaga op 14th"]
[Site "Malaga"]
[Date "2011.05.02"]
[Round "5"]
[White "Garcia Rodriguez, Victor"]
[Black "Jimenez de la Torre, Jose Antonio"]
[Result "1-0"]
[WhiteElo "2234"]
[BlackElo "2125"]
[PlyCount "85"]
[EventDate "2011.04.29"]
[EventType "swiss"]
[EventRounds "7"]
[EventCountry "ESP"]
[SourceTitle "CBM 142 Extra"]
[Source "ChessBase"]
[SourceDate "2011.06.27"]
[SourceVersion "1"]
[SourceVersionDate "2011.06.27"]
[SourceQuality "1"]

1. e4 e5 2. Nf3 Nf6 3. Nc3 Nc6 4. Bc4 Nxe4 5. Nxe4 d5 6. Bd3 dxe4 7. Bxe4 Bd6 8. 0-0 0-0 9. d3 f5 10. Bd5+ Kh8 11. Ng5 Qe8 12. Re1 Qg6 13. c3 h6 14. Nf3 Bd7 15. g3 Rae8 16. Nh4 Qf6 17. Qh5 Ne7 18. Bxb7 Rb8 19. Bg2 Be8 20. Qe2 f4 21. Nf3 fxg3 22. fxg3 Bh5 23. Rf1 Ng6 24. Qe4 Bc5+ 25. Kh1 Ne7 26. b4 Bd6 27. Bb2 Bg6 28. Qe2 Qf5 29. Rad1 Qe6 30. a3 Bh5 31. Rde1 Qb3 32. c4 Bg6 33. Nxe5 Bh5 34. Qxh5 Qxb2 35. Nf7+ Kg8 36. Nxd6 cxd6 37. Rxe7 Rxf1+ 38. Bxf1 Rf8 39. Re8 Qf6 40. Rxf8+ Kxf8 41. Qe2 Qa1 42. b5 Qxa3 43. Bg2 1-0

[Event "ESP-chT2 Gr2"]
[Site "Granada"]
[Date "2010.08.05"]
[Round "2"]
[White "Romero Sanchez, Jesus"]
[Black "Garcia Rodriguez, Victor"]
[Result "0-1"]
[WhiteElo "2160"]
[BlackElo "2224"]
[PlyCount "72"]
[EventDate "2010.08.04"]
[EventType "team-tourn"]
[EventRounds "6"]
[EventCountry "ESP"]
[SourceTitle "CBM 137 Extra"]
[Source "ChessBase"]
[SourceDate "2010.09.01"]
[SourceVersion "1"]
[SourceVersionDate "2010.09.01"]
[SourceQuality "1"]

1. Nf3 d5 2. d4 Nf6 3. c4 c6 4. e3 Bg4 5. Qb3 Qc7 6. Ne5 e6 7. Nxg4 Nxg4 8. h3 Nf6 9. Nc3 Nbd7 10. Bd3 Rd8 11. Bd2 Be7 12. Rc1 Qb8 13. a4 0-0 14. a5 dxc4 15. Bxc4 e5 16. Rd1 exd4 17. exd4 Bd6 18. 0-0 Qc7 19. Rfe1 h6 20. Re3 Bf4 21. Re7 Bxd2 22. Rxd2 Qf4 23. Bxf7+ Kh8 24. Rde2 Qxd4 25. Qxb7 Qc5 26. Qc7 Qg5 27. a6 Rc8 28. Qxa7 Ra8 29. Qb7 Nc5 30. Qxc6 Rxa6 31. Qc7 Nd3 32. Ne4 Nxe4 33. R2xe4 Ra1+ 34. Kh2 Nxf2 35. Re1 Ng4+ 36. Kg1 Ne3 0-1

[Event "Malaga op 13th"]
[Site "Malaga"]
[Date "2010.02.21"]
[Round "3"]
[White "Garcia Rodriguez, Victor"]
[Black "Barroso Campos, Manuel"]
[Result "1-0"]
[WhiteElo "2137"]
[BlackElo "1910"]
[PlyCount "103"]
[EventDate "2010.02.20"]
[EventType "swiss"]
[EventRounds "9"]
[EventCountry "ESP"]
[SourceTitle "CBM 135 Extra"]
[Source "ChessBase"]
[SourceDate "2010.05.04"]
[SourceVersion "1"]
[SourceVersionDate "2010.05.04"]
[SourceQuality "1"]

1. e4 c5 2. Nf3 d6 3. d4 cxd4 4. Nxd4 Nf6 5. Nc3 a6 6. Be2 e5 7. Nb3 Be7 8. 0-0 Be6 9. f4 Qc7 10. Be3 0-0 11. Nd2 b5 12. a3 Nbd7 13. Qe1 Nb6 14. Qg3 Kh8 15. fxe5 dxe5 16. Nf3 Nc4 17. Bxc4 Bxc4 18. Rf2 Bd6 19. Qh4 Bc5 20. Bxc5 Qxc5 21. Ng5 h6 22. Kh1 Nh7 23. Nxh7 Kxh7 24. Rd1 f6 25. Rfd2 Ra7 26. Qg4 Qc8 27. Rd7 Rxd7 28. Rxd7 Rf7 29. Qf5+ Kg8 30. Rxf7 Qxf5 31. Rxg7+ Kxg7 32. exf5 h5 33. Kg1 Kh6 34. Ne4 Kg7 35. Kf2 Bd5 36. Ke3 Bc6 37. g3 Bd7 38. Nc5 Bxf5 39. Nxa6 Bxc2 40. Nc7 Ba4 41. Kd2 b4 42. axb4 Bc6 43. b5 Bb7 44. Ne6+ Kg6 45. Nc5 Bd5 46. b6 f5 47. b7 Bxb7 48. Nxb7 f4 49. gxf4 exf4 50. Ke2 Kf5 51. Kf3 h4 52. Nc5 1-0

[Event "Malaga op 12th"]
[Site "Malaga"]
[Date "2009.07.17"]
[Round "8"]
[White "Valmana Canto, Jaime"]
[Black "Garcia Rodriguez, Victor"]
[Result "1-0"]
[WhiteElo "2348"]
[BlackElo "2090"]
[PlyCount "35"]
[EventDate "2009.07.11"]
[EventType "swiss"]
[EventRounds "9"]
[EventCountry "ESP"]
[SourceTitle "CBM 131 Extra"]
[Source "ChessBase"]
[SourceDate "2009.09.03"]
[SourceVersion "2"]
[SourceVersionDate "2009.09.16"]
[SourceQuality "1"]

1. e4 e5 2. Bc4 Bc5 3. Nc3 Nc6 4. d3 d6 5. Na4 Qf6 6. Nxc5 dxc5 7. Be3 b6 8. Ne2 Nd4 9. Ng3 Ne7 10. 0-0 h5 11. f4 Ne6 12. fxe5 Qxe5 13. c3 h4 14. d4 cxd4 15. cxd4 Qa5 16. Nf5 Nxf5 17. exf5 Nd8 18. Bd2 1-0

[Event "Malaga op 12th"]
[Site "Malaga"]
[Date "2009.07.13"]
[Round "4"]
[White "Gavilan Diaz, Mario"]
[Black "Garcia Rodriguez, Victor"]
[Result "1-0"]
[WhiteElo "2280"]
[BlackElo "2090"]
[PlyCount "89"]
[EventDate "2009.07.11"]
[EventType "swiss"]
[EventRounds "9"]
[EventCountry "ESP"]
[SourceTitle "CBM 131 Extra"]
[Source "ChessBase"]
[SourceDate "2009.09.03"]
[SourceVersion "2"]
[SourceVersionDate "2009.09.16"]
[SourceQuality "1"]

1. d4 d5 2. c4 e6 3. Nc3 Nf6 4. Nf3 c6 5. e3 Nbd7 6. Qc2 Be7 7. Bd3 dxc4 8. Bxc4 0-0 9. 0-0 Qc7 10. Be2 e5 11. e4 exd4 12. Nxd4 Nc5 13. h3 Re8 14. f4 Ne6 15. Nf5 Bc5+ 16. Kh1 Nd4 17. Nxd4 Bxd4 18. e5 Bxc3 19. bxc3 Nd5 20. c4 Ne7 21. Bd3 g6 22. e6 f6 23. Qc3 Rf8 24. Ba3 c5 25. Rae1 b6 26. f5 g5 27. Be2 Bb7 28. Rd1 Bc6 29. Bh5 Kg7 30. Bb2 Ng8 31. Bf3 Rad8 32. Bxc6 Qxc6 33. Qe3 Qc7 34. Qxg5+ Kh8 35. Qe3 Kg7 36. Qf3 Ne7 37. Rxd8 Qxd8 38. Rd1 Qe8 39. Rd7 Kh8 40. Qf4 Ng8 41. Qc7 Qh5 42. Qg3 Qh6 43. Kh2 Re8 44. Bc1 Qf8 45. Rf7 1-0

[Event "Malaga op 12th"]
[Site "Malaga"]
[Date "2009.07.11"]
[Round "1"]
[White "Garcia Rodriguez, Victor"]
[Black "Paunovic, Dragan"]
[Result "0-1"]
[WhiteElo "2090"]
[BlackElo "2533"]
[PlyCount "90"]
[EventDate "2009.07.11"]
[EventType "swiss"]
[EventRounds "9"]
[EventCountry "ESP"]
[SourceTitle "CBM 131 Extra"]
[Source "ChessBase"]
[SourceDate "2009.09.03"]
[SourceVersion "2"]
[SourceVersionDate "2009.09.16"]
[SourceQuality "1"]

1. e4 c5 2. Nf3 a6 3. d4 cxd4 4. Nxd4 Nf6 5. Nc3 e5 6. Nb3 Bb4 7. Bd3 0-0 8. 0-0 Bxc3 9. bxc3 d5 10. Bg5 dxe4 11. Bxf6 Qxf6 12. Bxe4 Nc6 13. Qf3 Qxf3 14. Bxf3 Rd8 15. Rfd1 Bf5 16. Bxc6 bxc6 17. Nc5 a5 18. Rxd8+ Rxd8 19. Nb7 Ra8 20. Rd1 Kf8 21. Rd8+ Rxd8 22. Nxd8 Be4 23. f3 Bd5 24. Nb7 a4 25. a3 Bb3 26. Nc5 Bxc2 27. Nd7+ Ke7 28. Nxe5 Kd6 29. Nc4+ Ke6 30. Kf2 Bb3 31. Nd2 Ke5 32. Ke3 Bd5 33. Kd3 g5 34. Ke3 f5 35. Kd3 h5 36. Nb1 Kf4 37. c4 Bxf3 38. gxf3 Kxf3 39. Nc3 h4 40. Nxa4 g4 41. Nc3 g3 42. h3 g2 43. Ne2 f4 44. a4 Kf2 45. a5 f3 0-1

[Event "Andalucia-ch 0708"]
[Site "Motril"]
[Date "2008.05.17"]
[Round "3"]
[White "Ruiz Casado, Francisco Javier"]
[Black "Garcia Rodriguez, Victor"]
[Result "0-1"]
[WhiteElo "2100"]
[BlackElo "2098"]
[PlyCount "66"]
[EventDate "2008.05.10"]
[EventType "swiss"]
[EventRounds "8"]
[EventCountry "ESP"]
[SourceTitle "EXT 2009"]
[Source "ChessBase"]
[SourceDate "2008.11.26"]
[SourceVersion "1"]
[SourceVersionDate "2008.11.26"]
[SourceQuality "1"]

1. e4 e5 2. Nf3 Nc6 3. Bb5 a6 4. Bxc6 dxc6 5. 0-0 f6 6. d4 Bg4 7. dxe5 Qxd1 8. Rxd1 fxe5 9. Rd3 Bxf3 10. gxf3 Ne7 11. Be3 Ng6 12. Nc3 Bd6 13. Na4 0-0-0 14. Rad1 b5 15. Nc5 Bxc5 16. Bxc5 Nh4 17. Kf1 Nxf3 18. Ke2 Rxd3 19. Rxd3 Ng5 20. f3 Ne6 21. Be3 Rd8 22. Rxd8+ Kxd8 23. b4 Kd7 24. h4 Kd6 25. c3 c5 26. a3 cxb4 27. axb4 h6 28. Kf2 Nf4 29. Bxf4 exf4 30. Ke2 g5 31. hxg5 hxg5 32. Kd3 Ke5 33. Ke2 g4 0-1

[Event "Jorge Alvarez Memorial 13th"]
[Site "El Ejido"]
[Date "2007.07.10"]
[Round "2"]
[White "Garcia Rodriguez, Victor"]
[Black "Barria Zuniga, Daniel"]
[Result "1/2-1/2"]
[WhiteElo "2027"]
[BlackElo "2451"]
[PlyCount "69"]
[EventDate "2007.07.09"]
[EventType "swiss"]
[EventRounds "9"]
[EventCountry "ESP"]
[SourceTitle "EXT 2008"]
[Source "ChessBase"]
[SourceDate "2007.11.25"]
[SourceVersion "1"]
[SourceVersionDate "2007.11.25"]
[SourceQuality "1"]

1. e4 e6 2. d4 d5 3. e5 c5 4. c3 Nc6 5. Be3 Qb6 6. b3 cxd4 7. Bxd4 Nxd4 8. Qxd4 Bc5 9. Qd2 a5 10. Nh3 f6 11. Bd3 Bd7 12. 0-0 fxe5 13. Qg5 Nf6 14. Qxg7 Rf8 15. Bxh7 Nxh7 16. Qxh7 0-0-0 17. Qc2 e4 18. b4 Bd6 19. bxa5 Qxa5 20. c4 Be5 21. Nd2 Bxa1 22. Rxa1 Bc6 23. Nb3 Qa4 24. cxd5 exd5 25. Qd2 d4 26. Nc5 Qc4 27. Rc1 e3 28. fxe3 dxe3 29. Qxe3 Qc2 30. Nf2 Rxf2 31. Rxc2 Rxc2 32. Qh3+ Kb8 33. Qg3+ Kc8 34. Qh3+ Kb8 35. Qg3+ 1/2-1/2

[Event "ESP-ch Student"]
[Site "Cartagena"]
[Date "2007.05.07"]
[Round "1"]
[White "Garcia Rodriguez, Victor"]
[Black "Ali, Ehsan"]
[Result "0-1"]
[WhiteElo "1980"]
[BlackElo "2223"]
[PlyCount "112"]
[EventDate "2007.05.06"]
[EventType "swiss"]
[EventRounds "9"]
[EventCountry "ESP"]
[SourceTitle "CBM 118 Extra"]
[Source "ChessBase"]
[SourceDate "2007.07.04"]
[SourceVersion "1"]
[SourceVersionDate "2007.07.04"]
[SourceQuality "1"]

1. e4 e5 2. Nf3 Nc6 3. Bb5 Nd4 4. Bc4 Nxf3+ 5. Qxf3 Nf6 6. 0-0 Bd6 7. Nc3 0-0 8. d3 Be7 9. Ne2 c6 10. Bb3 d6 11. h3 Be6 12. g4 Nd7 13. Be3 d5 14. c3 dxe4 15. dxe4 Nc5 16. Bc2 Bc4 17. Rfd1 Bxe2 18. Qxe2 Qc7 19. b4 Ne6 20. Bb3 Ng5 21. Kg2 Nxe4 22. Qd3 Nd6 23. Bc5 Rad8 24. Bxd6 Bxd6 25. Qf5 g6 26. Qg5 Be7 27. Qh6 Bf6 28. h4 Qe7 29. Qe3 Bxh4 30. Rh1 Bg5 31. Qe4 Kg7 32. Rae1 Bd2 33. Qxe5+ Qxe5 34. Rxe5 Rfe8 35. Rxe8 Rxe8 36. Rd1 Rd8 37. Kf3 b6 38. Bc2 Rd6 39. Be4 h6 40. Ke2 Re6 41. Rxd2 Rxe4+ 42. Kf3 Rc4 43. Rd3 Kf6 44. Kg3 Kg5 45. f3 f5 46. gxf5 Kxf5 47. Rd7 g5 48. Rf7+ Kg6 49. Rxa7 h5 50. a4 Rxc3 51. Ra6 g4 52. Rxb6 Kg5 53. Rb8 h4+ 54. Kg2 h3+ 55. Kh2 Rc2+ 56. Kg1 g3 0-1

[Event "Campillos op 10th"]
[Site "Campillos"]
[Date "2007.03.01"]
[Round "7.17"]
[White "Garcia Rodriguez, Victor"]
[Black "Fenollar Jorda, Manuel"]
[Result "0-1"]
[WhiteElo "1975"]
[BlackElo "2307"]
[PlyCount "60"]
[EventDate "2007.02.24"]
[EventType "swiss"]
[EventRounds "9"]
[EventCountry "ESP"]
[SourceTitle "CBM 117 Extra"]
[Source "ChessBase"]
[SourceDate "2007.05.09"]
[SourceVersion "1"]
[SourceVersionDate "2007.05.09"]
[SourceQuality "1"]

1. e4 e5 2. Nf3 Nc6 3. Bb5 a6 4. Ba4 Nf6 5. Qe2 b5 6. Bb3 Bc5 7. c3 d6 8. 0-0 0-0 9. h3 Bb6 10. Rd1 Qe8 11. d3 Ne7 12. Nbd2 Ng6 13. Nf1 Nh5 14. g3 Be6 15. Bc2 h6 16. d4 Bxh3 17. Nxe5 Nxg3 18. Nxg3 dxe5 19. Qh5 Be6 20. Nf5 f6 21. Nxg7 Kxg7 22. Qxh6+ Kg8 23. d5 Rf7 24. Qh5 Rh7 25. Qf3 Nh4 26. Qxf6 Bg4 27. Rd3 Nf3+ 28. Rxf3 Bxf3 29. Qxf3 Qg6+ 30. Kf1 Rf8 0-1

[Event "Campillos op 10th"]
[Site "Campillos"]
[Date "2007.02.28"]
[Round "6.20"]
[White "Gutierrez Lopez, Carlos"]
[Black "Garcia Rodriguez, Victor"]
[Result "0-1"]
[WhiteElo "2126"]
[BlackElo "1975"]
[PlyCount "132"]
[EventDate "2007.02.24"]
[EventType "swiss"]
[EventRounds "9"]
[EventCountry "ESP"]
[SourceTitle "CBM 117 Extra"]
[Source "ChessBase"]
[SourceDate "2007.05.09"]
[SourceVersion "1"]
[SourceVersionDate "2007.05.09"]
[SourceQuality "1"]

1. e4 e5 2. Nf3 Nc6 3. Bb5 a6 4. Ba4 Nf6 5. Qe2 b5 6. Bb3 Be7 7. c3 d6 8. 0-0 0-0 9. Rd1 Be6 10. d4 Bxb3 11. axb3 Qc8 12. d5 Nb8 13. c4 b4 14. Ne1 Re8 15. Nd3 Qb7 16. Nd2 Bf8 17. Nf1 g6 18. Ng3 Nbd7 19. Bg5 h6 20. Be3 a5 21. f3 Ra6 22. Qd2 h5 23. c5 dxc5 24. Rdc1 c6 25. dxc6 Qxc6 26. Qf2 Rc8 27. Nf1 Qb5 28. Qe2 Rd6 29. Nf4 Qxe2 30. Nxe2 Rd3 31. Rxa5 Rxb3 32. Rc2 Rd3 33. Nc1 Rd1 34. Kf2 c4 35. Ke2 Rd6 36. Nd2 Rdc6 37. b3 cxb3 38. Rxc6 Rxc6 39. Ncxb3 Kg7 40. Rb5 Ne8 41. Rd5 Nd6 42. Kd1 Kf6 43. Bf2 g5 44. Be1 Nb6 45. Ra5 Ndc4 46. Ra6 Rd6 47. Ke2 Nxd2 48. Bxd2 Nc4 49. Ra8 Nxd2 50. Nxd2 Be7 51. Rb8 Rc6 52. Kd1 Ke6 53. Nf1 Rc3 54. Kd2 g4 55. fxg4 Bg5+ 56. Ke2 h4 57. g3 b3 58. gxh4 Bc1 59. Ng3 b2 60. h5 Rc2+ 61. Kd1 Rd2+ 62. Ke1 Rxh2 63. Rb6+ Kd7 64. Nf5 Bd2+ 65. Kd1 Ba5 66. Rd6+ Kc7 0-1